Dance and another v Welwyn Hatfield DC (Record no. 26149)
[ view plain ]
| 000 -LEADER | |
|---|---|
| fixed length control field | 00834cab a2200181 4500 |
| 001 - CONTROL NUMBER | |
| control field | ABS43207 |
| 008 - FIXED-LENGTH DATA ELEMENTS--GENERAL INFORMATION | |
| fixed length control field | 090401t1990 xxu||||| |||| 00| 0 eng d |
| 035 ## - SYSTEM CONTROL NUMBER | |
| System control number | (Sirsi) u40802 |
| 041 ## - LANGUAGE CODE | |
| Language code of text/sound track or separate title | eng |
| 245 ## - TITLE STATEMENT | |
| Title | Dance and another v Welwyn Hatfield DC |
| 260 ## - PUBLICATION, DISTRIBUTION, ETC. | |
| Date of publication, distribution, etc. | 1990 |
| 350 ## - PRICE (NR) (BK AM CF MU VM SE) [OBSOLETE] | |
| Price | 0 |
| 490 ## - SERIES STATEMENT | |
| Series statement | Weekly Law Reports |
| Volume/sequential designation | (1990) 1 WLR 1097-1107(11) |
| 520 ## - SUMMARY, ETC. | |
| Summary, etc. | CA 29 March 1990. The court held that tenants (D), were entitled to an injunction to enforce W, which had issued a notice seeking possession of D`s tenanted property for demolition purposes, to complete the sale of the property, which D was to buy under Housing Act 1985 s118(1)(a) . Although D had deferred the purchase, they had an equitable interest in the house. |
| 690 ## - LOCAL SUBJECT ADDED ENTRY--TOPICAL TERM (OCLC, RLIN) | |
| Topical term or geographic name as entry element | MANAGEMENT-BUSINESS MANAGEMENT-PROFESSIONAL PRACTICE |
| 942 ## - ADDED ENTRY ELEMENTS (KOHA) | |
| Suppress in OPAC | 0 |
| 948 ## - LOCAL PROCESSING INFORMATION (OCLC); SERIES PART DESIGNATOR (RLIN) | |
| c (OCLC) | 04/03/1997 |
| Withdrawn status | Lost status | Source of classification or shelving scheme | Damaged status | Not for loan | Home library | Current library | Shelving location | Date acquired | Total Checkouts | Full call number | Barcode | Date last seen | Copy number | Price effective from | Koha item type |
|---|---|---|---|---|---|---|---|---|---|---|---|---|---|---|---|
| Dewey Decimal Classification | London | London | Journal article | 14/09/1999 | ABS43207 | 40802-1001 | 06/08/2019 | 1 | 06/08/2019 | Law report |